Carlos Caicedo (Registro nro. 325832)

Detalles MARC
000 -ENCABEZADO
Número de control [NR] 01083nam a22002777a 4500
005 - FECHA Y HORA DE LA ÚLTIMA TRANSACCIÓN
control field 20251106094933.0
008 - DE LONGITUD FIJA DE DATOS DE ELEMENTOS - INFORMACIÓN GENERAL
Elementos de longitud fija [NR] 251106t ||||| |||| 00| 0 spa d
020 ## - NUMERO INTERNACIONAL NORMALIZADO PARA LIBROS [R]
Número Internacional Normalizado del libro [NR] 9786287734418
020 ## - NUMERO INTERNACIONAL NORMALIZADO PARA LIBROS [R]
Número Internacional Normalizado del libro [NR] 6287734418
040 ## - FUENTE DE CATALOGACION [NR]
Agencia de catalogación original [NR] CO-BoUCM
Quien Cataloga David Moreno
Quien Clasifica David Moreno
041 ## - CODIGO DE IDIOMA [R]
Código de idioma para texto/pista de sonido o título separado [R] Español
100 1# - ASIENTO PRINCIPAL--NOMBRE PERSONAL [NR]
Nombre personal [NR] Gutiérrez Montes, Natalia
ID Autoridad 187218
245 10 - MENCION DE TITULO [NR]
Título [NR] Carlos Caicedo
Parte restante del título [NR] la imagen como arte
Mención de responsabilidad, etc. [NR] investigación de Natalia Gutiérrez Montes
250 ## - MENCION DE EDICION [NR]
Mención de edición [NR] 1a.Ed
260 ## - PUBLICACION, DISTRIBUCION, ETC. (PIE DE IMPRENTA) [R]
Lugar de publicación, distribución, etc. [R] Bogotá, Colombia
Nombre del editor, distribuidor, etc. [R] Editorial Planeta; Editorial Universidad del Rosario
Fecha de publicación, distribución, etc. [R] 2024
300 ## - DESCRIPCION FISICA [R]
Extensión [R] 216 Páginas
Otros detalles físicos [NR] fotografias
600 10 - ASIENTO SECUNDARIO DE MATERIA - NOMBRE PERSONAL [R]
Nombre personal [NR] Caicedo, Carlos
Fechas asociadas con el nombre [NR] 1923-2015
Subdivisión general [R] Crítica e interpretación
9 (RLIN) 187219
650 14 - ASIENTO SECUNDARIO DE MATERIA - TERMINO TEMATICO [R]
Término temático o nombre geográfico como elemento de entrada [NR] Fotoperiodismo
Subdivisión general [R] Historia
Subdivisión geográfica [R] Colombia
9 (RLIN) 187220
650 14 - ASIENTO SECUNDARIO DE MATERIA - TERMINO TEMATICO [R]
Término temático o nombre geográfico como elemento de entrada [NR] Fotografía artística
Subdivisión general [R] Arte visual
Subdivisión geográfica [R] Colombia
9 (RLIN) 187221
650 14 - ASIENTO SECUNDARIO DE MATERIA - TERMINO TEMATICO [R]
Término temático o nombre geográfico como elemento de entrada [NR] Reporteros gráficos
Subdivisión de forma [R] Biografía
Subdivisión geográfica [R] Colombia
9 (RLIN) 187222
653 ## - TERMINO DE INDIZACION - NO CONTROLADO [R]
Término de indización no controlado [R] Imagen y arte
700 1# - ASIENTO SECUNDARIO - NOMBRE PERSONAL [R]
Nombre personal [NR] Caicedo, Carlos
Término de relación [R] fotografías
9 (RLIN) 187223
710 2# - ASIENTO SECUNDARIO - NOMBRE CORPORATIVO [R]
Nombre corporativo o de jurisdicción como elemento de entrada [NR] Universidad del Rosario
9 (RLIN) 28209
942 ## - ELEMENTOS DE ENTRADA AGREGADOS (KOHA)
Sistema de clasificación DEWEY
Tema principal Arte
Tipo de ítem principal el descrito en 300a Libro
Edición 1
Clasificación 770.92
Parte restante de la signatura top. G984c
Título oculto en OPAC No
Existencias
Total préstamos Signatura topográfica Código de barras Última vez visto Ejemplar Price effective from Tipo de ítem Perdido Sistema de clasificación Dañado No prestable Tipo de ítem específico Suprimido Ubicación habitual Ubicación actual Localización Fecha de creación Forma de adquisición Costo Fecha de último préstamo Total Renewals Costo de reposición
  770.92 G984c 100174459 03/12/2025 Ej.1 06/11/2025 Edición Rosarista   DEWEY     Libro Edición Rosarista   Claustro Claustro 4to piso 06/11/2025 Compra 51350.00      
1 770.92 G984c 100174458 07/04/2026 Ej.2 06/11/2025 Libro   DEWEY     Libro   Claustro Claustro 2do piso 06/11/2025 Compra 51350.00 22/01/2026 1  
1 770.92 G984c 100174460 12/02/2026 Ej.3 06/11/2025 Libro   DEWEY     Libro   Claustro Claustro 2do piso 06/11/2025 Compra 51350.00 03/02/2026   100174460.00